Comercio electrónica : tácticas probadas para hacer negocios en Internet

Bibliographic Details
Main Author: Silva, Juan Manuel
Format: Section = Libro
Language:Undetermined
Spanish
Published: México Limusa 2005
Edition:7a.ed
Subjects:
LEADER 00546nam a2200205Ia 4500
008 240830s9999 xx 000 0 und d
020 |a 978-18-6759-1 
040 |a B-ESTELÍ- RUACS / 658.84 Ch487 
041 |a spa 
082 |a 658.84 Ch487 
100 1 |a Silva, Juan Manuel 
245 1 0 |a Comercio electrónica : tácticas probadas para hacer negocios en Internet 
250 |a 7a.ed 
260 |a México  |b Limusa  |c 2005 
300 |a 1361 p. : il 
650 7 |a MATEMATICAS 
650 7 |b  ALGEBRA 
942 |c BK  |2 ddc 
991 |a TEXTO 
999 |c 11510